जीवन-पुष्प / (Record no. 115774)

MARC details
000 -LEADER
fixed length control field 01009nam a22002657a 4500
005 - DATE AND TIME OF LATEST TRANSACTION
control field 20170124103029.0
010 ## - LIBRARY OF CONGRESS CONTROL NUMBER
LC control number A-459816
020 ## - INTERNATIONAL STANDARD BOOK NUMBER
Terms of availability 50.00
035 ## - SYSTEM CONTROL NUMBER
System control number A-459816
037 ## - SOURCE OF ACQUISITION
Source of stock number/acquisition Cen Lib/Ret
040 ## - CATALOGING SOURCE
Original cataloging agency DPL
Language of cataloging HN
082 ## - DEWEY DECIMAL CLASSIFICATION NUMBER
Classification number
Item number जीवन
245 ## - TITLE STATEMENT
Title जीवन-पुष्प /
Statement of responsibility, etc संपादक विजय कुमार सविता
246 ## - VARYING FORM OF TITLE
Title proper/short title Jeeva-pushp /
Remainder of title sampadak Vijay Kumar savita
260 ## - PUBLICATION, DISTRIBUTION, ETC. (IMPRINT)
Place of publication, distribution, etc लखनऊ
Name of publisher, distributor, etc गोविन्द प्रकाशन
Date of publication, distribution, etc 1990
270 ## - ADDRESS
City लखनऊ
Address राजीव नगर
300 ## - PHYSICAL DESCRIPTION
Extent 120पृ.
Dimensions 19सेमी (सजिल्द)
500 ## - GENERAL NOTE
General note परिशिष्ट शामिल
650 ## - SUBJECT ADDED ENTRY--TOPICAL TERM
Topical term or geographic name as entry element हिन्दी साहित्य
9 (RLIN) 63169
650 ## - SUBJECT ADDED ENTRY--TOPICAL TERM
Topical term or geographic name as entry element हिंदी कहानियां
9 (RLIN) 2082
650 ## - SUBJECT ADDED ENTRY--TOPICAL TERM
Topical term or geographic name as entry element Hindi literature
9 (RLIN) 63170
650 ## - SUBJECT ADDED ENTRY--TOPICAL TERM
Topical term or geographic name as entry element Hindi stories
9 (RLIN) 63171
700 ## - ADDED ENTRY--PERSONAL NAME
Personal name विजय कुमार सविता
9 (RLIN) 42923
942 ## - ADDED ENTRY ELEMENTS (KOHA)
Source of classification or shelving scheme Dewey Decimal Classification
Koha item type Hindi Books
Classification part
Call number suffix जीवन
Holdings
Withdrawn status Lost status Damaged status Not for loan Home library Current library Date acquired Source of acquisition Cost, normal purchase price Total Checkouts Full call number Barcode Date last seen Date checked out Copy number Cost, replacement price Price effective from Koha item type Public note
Written off       Central Library Central Library 21/08/2015 Cen Lib/Ref 50.00 1 क जीवन A-459816 22/08/2017 08/08/2017 1 50.00 21/08/2015 Hindi Books Written off on approval by DLB (By Circulation); dtd 20.12.2022

© Delhi Public Library
Hit Counter
free hit counter